| 000 | 00517nam a2200157 i 4500 | ||
|---|---|---|---|
| 001 | 49811 | ||
| 003 | ES-MaACL | ||
| 005 | 20230906162051.0 | ||
| 007 | t| | ||
| 008 | 030326s1920 sp ||||1| spa d | ||
| 100 | 1 |
_aCovián y Junco, Victor. _941363 |
|
| 245 | 1 | 0 |
_aMemoria elevada al gobierno de S.M. en la solemne apertura de los tribunales el 15 de septiembre de 1920 / _cpor Victor Covián y Junco. |
| 260 |
_aMadrid : _bReus, _c1920. |
||
| 300 |
_aXCXV, 91 p., 10 estados ; _c24 cm. |
||
| 852 |
_aES-MaACL _jF-5450 |
||
| 999 |
_c49811 _d49811 |
||